Statistics for Most expensive football transfers - Goalkeepers

Click here to take the quiz!

General Stats

  • This quiz has been taken 42 times
  • The average score is 9 of 10

Answer Stats

Fee (M €)SeasonNationalityLeftJoinedPlayer% Correct
62,502018-2018BrazilAS RomaLiverpoolAlisson
98%
50,202023-2024CameroonInterManchester UnitedAndré Onana
98%
35,002018-2019BelgiumChelseaReal MadridThibaut Courtois
98%
40,002017-2018BrazilBenficaManchester CityEderson
95%
52,882001-2002ItalyAC ParmaJuventusGianluigi Buffon
95%
30,002011-2012GermanyFC SChalke 04Bayern MunichManuel Neuer
95%
80,002018-2019SpainAthleticChelseaKepa Arrizabalaga
93%
28,502017-2018EnglandSunderlandEvertonJordan Pickford
88%
35,002019-2020NetherlandsBarcelonaValenciaJasper Cillessen
73%
28,702023-2024SpainBrightonChelseaRobert Sánchez
66%

Score Distribution

Percentile by Number Answered

Percent of People with Each Score

Your Score History

You have not taken this quiz